نظرية جديدة فى العروض العربى / (رقم التسجيلة. 100064)

تفاصيل مارك
000 -LEADER
fixed length control field 01841aamaa2200385 i 4500
003 - CONTROL NUMBER IDENTIFIER
control field EG-GiCUC
005 - DATE AND TIME OF LATEST TRANSACTION
control field 20260302112016.0
008 - FIXED-LENGTH DATA ELEMENTS--GENERAL INFORMATION
fixed length control field 080708s1996 ua jr f000 0 ara d
017 ## - COPYRIGHT OR LEGAL DEPOSIT NUMBER
Copyright or legal deposit number 1996 / 2366
Assigning agency دار الكتب والوثائق القومية (مصر)
020 ## - INTERNATIONAL STANDARD BOOK NUMBER
International Standard Book Number 977014682x
040 ## - CATALOGING SOURCE
Original cataloging agency EG-GiCUC
Language of cataloging ara
Transcribing agency EG-GiCUC
Modifying agency EG-GiCUC
Description conventions rda
041 ## - LANGUAGE CODE
Language code of text/sound track or separate title ara
Language code of original fre
050 #4 - LIBRARY OF CONGRESS CALL NUMBER
Classification number PJ6505
Item number G8 1996
092 04 - LOCALLY ASSIGNED DEWEY CALL NUMBER (OCLC)
Classification number 416
Item number G987
Edition number 21
099 04 - LOCAL FREE-TEXT CALL NUMBER (OCLC)
Classification number 416 G987
100 1# - MAIN ENTRY--PERSONAL NAME
Personal name جويار، ستانسلاس
Dates associated with a name 1846-1884
240 1# - UNIFORM TITLE
Uniform title Theorie nouvelle de la metrique arabe , precedee de considerations generales sur le rhythme naturel du langage
Language of a work Arabic
245 10 - TITLE STATEMENT
Title نظرية جديدة فى العروض العربى /
Statement of responsibility, etc. ستانسلاس جويار ؛ ترجمة منجى الكعبى ؛ مراجعة وتعليق عبد الحميد الدواخلى
264 ## - PRODUCTION, PUBLICATION, DISTRIBUTION, MANUFACTURE, AND COPYRIGHT NOTICE
Place of production, publication, distribution, manufacture القاهرة (مصر) :
Name of producer, publisher, distributor, manufacturer الهيئة المصرية العامة للكتاب :
Date of production, publication, distribution, manufacture, or copyright notice 1996
300 ## - PHYSICAL DESCRIPTION
Extent 285 صفحة ؛
Dimensions 24سم
336 ## - CONTENT TYPE
Source rdacontent
Content type term text
337 ## - MEDIA TYPE
Source rdamedia
Media type term Unmediated
338 ## - CARRIER TYPE
Source rdacarrier
Carrier type term volume
490 0# - SERIES STATEMENT
Series statement دراسات ادبية
500 ## - GENERAL NOTE
General note الترجمة العربية لـ : Theorie nouvelle de la metrique arabe , precedee de considerations generales sur le rhythme naturel du langage
500 ## - GENERAL NOTE
General note النسخة رقم (174863) اهداء د. /جابر عصفور
504 ## - BIBLIOGRAPHY, ETC. NOTE
Bibliography, etc. note يشتمل على ارجاعات ببليوجرافية
541 ## - IMMEDIATE SOURCE OF ACQUISITION NOTE
Source of acquisition د. / جابر عصفور ؛
Address القاهرة ؛
Method of acquisition إهداء ؛
Date of acquisition 2024
650 #7 - SUBJECT ADDED ENTRY--TOPICAL TERM
Topical term or geographic name entry element اللغة العربية
General subdivision العروض والقوافى
Source of heading or term qrmak
700 1# - ADDED ENTRY--PERSONAL NAME
Personal name الكعبى، منجى،
Relator term مترجم.
700 1# - ADDED ENTRY--PERSONAL NAME
Personal name الدواخلى، عبد الحميد،
Relator term مراجع.
905 ## - Cataloger and Reviser Names
Cataloger Name
Reviser Name
905 ## - Cataloger and Reviser Names
Cataloger Name
Reviser Name
942 ## - ADDED ENTRY ELEMENTS (KOHA)
Source of classification or shelving scheme Dewey Decimal Classification
Koha item type Books
Edition 21
Suppress in OPAC No
المقتنيات
Withdrawn status Lost status Source of classification or shelving scheme Damaged status Not for loan Home library Current library Date acquired Inventory number Total checkouts Full call number Barcode Date last seen Copy number Price effective from Koha item type
    Dewey Decimal Classification   Not for loan المكتبة المركزبة الجديدة - جامعة القاهرة قاعة الكتب - الدور الثاني 11.02.2024 101763   416 G987 01000100101763000 23.09.2023 C.1 23.09.2023 Books
    Dewey Decimal Classification   Not for loan المكتبة المركزبة الجديدة - جامعة القاهرة قاعة الكتب - الدور الثاني 11.02.2024 101764   416 G987 01000100101764000 23.09.2023 C.2 23.09.2023 Books
    Dewey Decimal Classification   Not for loan المكتبة المركزبة الجديدة - جامعة القاهرة قاعة المكتبات المهداة - الدور الرابع 02.03.2026 174863   416 G987 J.U. 01000100174863000 02.03.2026   02.03.2026 Books
Cairo University Libraries Portal Implemented & Customized by: Eng. M. Mohamady Contacts: new-lib@cl.cu.edu.eg | cnul@cl.cu.edu.eg
CUCL logo CNUL logo
© All rights reserved — Cairo University Libraries
CUCL logo
Implemented & Customized by: Eng. M. Mohamady Contact: new-lib@cl.cu.edu.eg © All rights reserved — New Central Library
CNUL logo
Implemented & Customized by: Eng. M. Mohamady Contact: cnul@cl.cu.edu.eg © All rights reserved — Cairo National University Library